000 00992nam a2200265 a 4500
001 78274
003 BD-RjUL
005 20211209083118.0
008 210901n ii ||||| |||| 00| 0 ben d
035 _a(BD-RjUL)78500
040 _aBD-RjUL
_beng
_cBD-RjUL
041 _aben
082 _a133.6
_bSHK
100 _aশাস্ত্রী, ভূবনমোহন সিদ্ধান্ত
_9247303
245 _aকোষ্ঠী-দর্পন /
_cভূবনমোহন সিদ্ধান্ত শাস্ত্রী
250 _a২য় সং.
260 _aকলিকাতা :
_bসংস্কৃত পুস্তক ভান্ডার
300 _a খণ্ড;
_c১৮ সেমি.
505 0 1 _a খণ্ড. ২য় --
650 _aহস্তরেখাবিদ্যা
_9247304
650 _aজ্যোতিষশাস্ত্র
_9247305
650 _aPalmistry
_9247306
650 _aastrology
_9247307
942 _2ddc
_cBK
999 _c78274
_d78274